Score 0/20 Timer 04:00
0 Plays Today
Hint Answer % Correct
Winona RyderStar
97%
Natalie PortmanAttached
96.8%
Winona RyderFire
93.3%
Natalie PortmanHere
93.2%
Mila KunisBenefits
91.9%
Natalie PortmanVendetta
90.7%
Winona RyderScissorhands
87.6%
Mila KunisMarshall
87.2%
Mila KunisOz
84.1%
Mila KunisGet
83.5%
Hint Answer % Correct
Mila KunisBook
83.4%
Winona RyderLittle
71%
Vincent CasselDay
56.4%
Natalie PortmanGarden
51.3%
Vincent CasselRead
44.9%
Natalie PortmanOther
44.8%
Winona RyderDeeds
31.7%
Vincent CasselOcean's
25%
Vincent CasselWant
16.7%
Vincent CasselDangerous
13.8%

Today's Daily Dose

Remove Ads.
Support Sporcle.
Get the best of Sporcle when you Go Orange. This ad-free experience offers more features, more stats, and more fun while also helping to support Sporcle. Thank you for becoming a member.

You're not logged in!

Compare scores with friends on all Sporcle quizzes.
OR
Log In

Show Comments

Extras

Top Quizzes Today


Score Distribution

Your Account Isn't Verified!

In order to create a playlist on Sporcle, you need to verify the email address you used during registration. Go to your Sporcle Settings to finish the process.

Report this User

Report this user for behavior that violates our Community Guidelines.

Details: